000
00243nam a22000857a 4500
999
_c
516936
_d
516936
100
_a
Bery, Suman K.
_9
23801
245
_a
Mid - year review of the Indian economy 2002 - 2003
_c
by Suman K. Bery
260
_a
New Delhi
_b
Shipra
_c
2003
300
_a
156p.